Statystyki dla Zawodnicy którzy grali z numerem 9 na mundialu w Katarze

Kliknij tutaj aby rozwiązać quiz!

Ogólne statystyki

  • Ten quiz został rozwiązany 13 razy
  • Średni wynik to 16 z 32

Statystyki odpowiedzi

ReprezentacjaZawodnik% Poprawnych
PolskaRobert Lewandowski
100%
AngliaHarry Kane
91%
ArgentynaJulian Alvarez
91%
UrugwajLuis Suarez
91%
FrancjaOlivier Giroud
91%
BelgiaRomelu Lukaku
91%
SerbiaAleksandar Mitrović
73%
ChorwacjaAndrej Kramarić
73%
HolandiaLuuk de Jong
73%
HiszpaniaGavi
64%
NiemcyNiclas Füllkrug
64%
MeksykRaul Jimenez
64%
BrazyliaRicharlison
64%
PortugaliaAndre Silva
55%
SzwajcariaHaris Seferović
55%
GhanaJordan Ayew
55%
SenegalBoulaye Dia
45%
IranMehdi Taremi
45%
KoreaGue-sung Cho
36%
DaniaMartin Braithwaite
36%
MarokoAbderrazak Hamdallah
27%
WaliaBrennan Johnson
27%
TunezjaIssam Jebali
27%
Arabia SaudyjskaFiras Al-Buraikan
18%
AustraliaJamie Maclaren
18%
USAJesus Ferreira
18%
JaponiaKaoru Mitoma
18%
EkwadorAyrton Preciado
9%
KamerunJean-Pierre Nsame
9%
KostarykaJewison Benette
9%
KanadaLucas Cavallini
9%
KatarMohammed Muntari
9%

Rozkład punktacji

Percentyl według liczby udzielonych odpowiedzi

Procent ludzi z każdym wynikiem

Twoja historia wyników

Nie rozwiązałeś tego quizu